Historia de la ciencia y sus reconstrucciones racionales

Сохранить в:
Библиографические подробности
Главный автор: Lakatos, Imre (Автор)
Формат:
Язык:испанский
Опубликовано: Madrid Tecnos 1974
Серии:Serie de Filosofía y ensayo
Предметы:
Метки: Добавить метку
Нет меток, Требуется 1-ая метка записи!

MARC

LEADER 00000nam a2200000 a 4500
001 UCZ2661
003 CL-VaPUC
008 951005e19740000SP |||||||||||||||||spa|d
082 0 4 |a 509  |b LAK  |2 21 
100 |a Lakatos, Imre  |e author  |9 571317 
245 1 0 |a Historia de la ciencia y sus reconstrucciones racionales 
300 |a 158 p 
942 |c BK 
945 |d 19951005 00:00:00  |a cmena 
260 |a Madrid  |b Tecnos  |c 1974 
650 0 |a Filosofía de las ciencias  |9 256466 
650 0 |a Ciencia  |9 255691 
650 0 |a Historia  |9 255047 
650 0 |a Racionalismo  |9 259116 
650 0 |a Empirismo  |9 255037 
650 0 |a Metodología   |9 256610 
583 |a last modification  |c 19951005 00:00:00  |k Rodrigo Vera 
490 0 |a Serie de Filosofía y ensayo 
999 |c 239220  |d 239218 
952 |0 0  |1 0  |4 0  |6 509_000000000000000_LAK_1974  |7 0  |8 A  |9 250161  |a BIBEDU  |b BIBEDU  |d 2019-11-18  |i 1569767  |o 509 LAK 1974  |p 1569767  |r 2019-11-18  |w 2019-11-18  |y BK  |k FIL 
952 |0 0  |1 0  |4 0  |6 509_000000000000000_LAK_1974  |7 0  |8 A  |9 250162  |a BIBCUR  |b BIBCUR  |d 2019-11-18  |i 4528581  |l 1  |m 1  |o 509 LAK 1974  |p 4528581  |r 2025-04-22  |s 2023-05-25  |w 2019-11-18  |y BK  |k FIS